000 00205nam a22000857a 4500
001 1235981
005 20251001114730.0
245 _aKÜÇÜCEK
_cMÜSLİM ÇİÇEK
260 _bGÜNIŞIĞI KİTAPLIĞI YAYINLARI
999 _c1235981
_d1235981